<Eine> Personalauswahl in Brandenburg - Begegnung zweier Welten.

Prejavy paradoxných požiadaviek na spoluprácu východnej a západnej časti Nemecka pri procese výberu zamestnancov v Brandenbursku. Postup pri výbere kandidátov a jeho metódy (pološtrukturovaný rozhovor a i.). Charakteristiky kandidátov východu a západu SRN na funkcie v marketingu. Bilancia doterajšej...

Descrizione completa

Salvato in:
Dettagli Bibliografici
Autore principale: Humburg, M.
Natura: Capitolo di libro
Lingua:tedesco
Soggetti:
Tags: Aggiungi Tag
Nessun Tag, puoi essere il primo ad aggiungerne!!

MARC

LEADER 00000naa a2200000 4500
001 r010231
005 20221130113402.5
041 0 |a ger 
044 |a DE 
245 1 0 |a <Eine> Personalauswahl in Brandenburg - Begegnung zweier Welten.  |c M. Humburg 
520 |a Prejavy paradoxných požiadaviek na spoluprácu východnej a západnej časti Nemecka pri procese výberu zamestnancov v Brandenbursku. Postup pri výbere kandidátov a jeho metódy (pološtrukturovaný rozhovor a i.). Charakteristiky kandidátov východu a západu SRN na funkcie v marketingu. Bilancia doterajšej kooperácie východnej a západnej časti SRN, najmä z hľadiska vývoja organizácií a ich schopnosti meniť sa. 
610 2 0 |a výber pracovníkov 
610 2 0 |a marketing 
610 2 0 |a Nemecko 
610 2 0 |a východné Nemecko 
100 1 |a Humburg, M.